000
00267nam a22001217a 4500
008
190206b xxu||||| |||| 00| 0 eng d
041
_a
eng
080
_a
341
100
_a
15
101
_a
SHJ
245
_a
Law of mass communications
_c
Nelson,H.L
942
_2
udc
_c
BK
999
_c
54102
_d
54102